Score 0/27 Timer 03:00
0 Plays Today
Hint 5-letter word % Correct
'The Boy Who ___ Wolf'CRIED
94.6%
Singer Barry▣ WHITE ▣
93%
Moby-Dick, e.g.WHALE
91.6%
WeepsCRIES
89.4%
Snap into piecesBREAK
88.1%
Part of a golf course▣ GREEN ▣
87.9%
Floor board soundCREAK
87.5%
Rye or pumpernickel, e.g.BREAD
87.3%
Frog soundCROAK
87%
Deadly sinGREED
85.9%
'With Arms Wide Open' bandCREED
84.7%
Regal headwearCROWN
83.5%
Richard Nixon is not this, apparentlyCROOK
83.1%
Sing like Bing CrosbyCROON
80.5%
Hint 5-letter word % Correct
A type of dogBREED
80.2%
Loop keyword with 'for'WHILE
80%
Ivy League school▣ BROWN ▣
79.2%
Oil-bearing rockSHALE
78.5%
Sinister or wicked, like magic▣ BLACK ▣
78.4%
Workplace softwareSLACK
73.8%
Stock exchange unitSHARE
73.7%
A relative of a shedSHACK
72.4%
Jet rival, gang-wiseSHARK
72.3%
Star Trek race in cold suitsBREEN
63.9%
Court ordersWRITS
48.3%
Iotas; the least bitsWHITS
46.7%
Twists or distortsWRIES
44.6%

Today's Daily Dose

Remove Ads.
Support Sporcle.
Get the best of Sporcle when you Go Orange. This ad-free experience offers more features, more stats, and more fun while also helping to support Sporcle. Thank you for becoming a member.

You're not logged in!

Compare scores with friends on all Sporcle quizzes.
OR
Log In

Show Comments

Extras

Top Quizzes Today


Score Distribution

Your Account Isn't Verified!

In order to create a playlist on Sporcle, you need to verify the email address you used during registration. Go to your Sporcle Settings to finish the process.

Report this User

Report this user for behavior that violates our Community Guidelines.

Details: